01632nam a22003734a 4500001001100000003000800011006001900019007001500038008004100053010001700094020001500111040002100126035002100147050002600168082002200194100002500216245016100241260004500402300002300447490003200470504005200502533015200554610007000706650006800776650005600844650004600900651005700946655002901003700002501032710001701057830004401074856012501118999001501243ebr5007383CaPaEBRm u cr cn|||||||||991008s1999 dcua sb 000 0 eng  z 99052688  z0821343106 aCaPaEBRcCaPaEBR a(OCoLC)55914559414aRA441.5b.J647 1999eb04a362.1/09172/42211 aJohnston, Timothy A.10aInvesting in healthh[electronic resource] :bdevelopment effectiveness in the health, nutrition, and population sector /cTimothy A. Johnston, Susan Stout. aWashington, DC :bThe World Bank,c1999. axix, 71 p. :bill.1 aOperations evaluation study aIncludes bibliographical references (p. 67-69). aElectronic reproduction.bPalo Alto, Calif. :cebrary,d2013.nAvailable via World Wide Web.nAccess may be limited to ebrary affiliated libraries.20aWorld Bank.bPopulation, Health, and Nutrition Dept.xEvaluation. 0aPublic health administrationzDeveloping countriesxEvaluation. 0aNutrition policyzDeveloping countriesxEvaluation. 0aPublic healthxInternational cooperation. 0aDeveloping countriesxPopulation policyxEvaluation. 7aElectronic books.2local1 aStout, Susan,d1949-2 aebrary, Inc. 0aWorld Bank operations evaluation study.40uhttp://site.ebrary.com/lib/rucke/Doc?id=5007383zAn electronic book accessible through the World Wide Web; click to view c5160d5160